00465 2200169 4500001002100000005001700021006001900038008004100057020002200098035002500120090002000145100002100165245003300186260003800219700002100257990001700278INLIS00000000000846320140219111731.0a ||| | 180719| ||| |  a978-979-29-2657-6 a0010-081300000000100 a616.849.8 SUS c0 aMaria Agustina S00acara jitu mengatasi insomnia aYogyakartabC.V ANDI OFFSETc20110 aDr. Yekti Susilo a8629/PN/2013